LEADER 01194nam0 22002771i 450 001 UON00080348 005 20231205102426.503 100 $a20020107d1937 |0itac50 ba 101 $aita 102 $aIT 105 $a|||| ||||| 200 1 $aA Gibuti tra spie e avventurieri$fGiorgio Zanaboni 210 $aRoma$cEdizioni Ardita$d1937 215 $a190 p., c. e p. di tav.$d21 cm 410 1$1001UON00067488$12001 $aˆI ‰libri dell'Italia d'oltremare$v1 606 $aETIOPIA$xDescrizioni e viaggi$3UONC019549$2FI 620 $aIT$dRoma$3UONL000004 676 $a916.304$cDESCRIZIONI E VIAGGI DELL'ETIOPIA$v21 700 1$aZANABONI$bGiorgio$3UONV052821$0490238 712 $aArdita$3UONV258462$4650 801 $aIT$bSOL$c20240220$gRICA 912 $aUON00080348 950 $aSIBA - SISTEMA BIBLIOTECARIO DI ATENEO$dSI ET VIII B c 113 $eSI AA 777 7 113 950 $aSIBA - SISTEMA BIBLIOTECARIO DI ATENEO$dSI III STORIAEUR D D 0164 $eSI MR 7655 5 0164 $sBuono 996 $aA Gibuti tra spie e avventurieri$91301519 997 $aUNIOR